[Event "Enghien les Bains 4th"]
[Site "Enghien les Bains"]
[Date "2001.04.18"]
[Round "7"]
[White "Bacrot, Etienne"]
[Black "Akopian, Vladimir Eduardovic"]
[Result "1/2-1/2"]
[WhiteElo "2627"]
[BlackElo "2654"]
[Annotator "Wells,P"]
[PlyCount "30"]
[EventDate "2001.04.11"]
[EventType "tourn"]
[EventRounds "9"]
[EventCountry "FRA"]
[EventCategory "17"]
[SourceTitle "CBM 083"]
[Source "ChessBase"]
[SourceDate "2001.07.05"]
[SourceVersion "1"]
[SourceVersionDate "2001.07.05"]
[SourceQuality "1"]

1. d4 Nf6 2. c4 e6 3. Nc3 Bb4 4. Nf3 c5 5. g3 cxd4 6. Nxd4 Ne4 7. Qd3 Bxc3+ 8.
bxc3 Nc5 9. Qf3 $5 {My interest in this game stems largely from the fact that
I have long believed this to be white's most promising move, and in CBM 75 (
cf Razan - Zelcic ) I wrote as much. I am still inclined to think that the
alternatives are not very promising, and therefore black's novelty on the next
move, if it holds up, is of considerable importance for the entire g3 complex.}
({Recent developments after the other main main move} 9. Qe3 {do nothing to
damage this assessment. My view is simple. White should prevent ...b6.} b6 $1
10. Bg2 Bb7 11. Bxb7 Nxb7 12. Qe4 Nc6 $1 13. Ba3 (13. Nxc6 dxc6 14. Qxc6+ $6
Qd7 $15 {[%csl Rc3,Rc4][%cal Ga8c8]}) 13... Rc8 14. O-O Nc5 15. Bxc5 {This
exchange is certainly good news for the weak c-pawns, but white's very light
initiative which persists hereafter, just about compensates for them, but not
more.} bxc5 16. Nf5 O-O 17. Nd6 Rb8 18. Rab1 Qa5 19. Rxb8 Rxb8 20. Qc2 Qa6 $11
{1/2-1/2 Van Wely,L-Adams,M/Frankfurt 2000 (44)}) 9... Nc6 $5 {[%mdl 8] This
natural enough developing move has never been played before, and I suspect the
fact that doubt was cast on its credentials in his notes by so eminent an
authority as Vladimir Kramnik right back in 1991 has had some influence on
this.} ({Previously, attention has focussed on} 9... d6 10. Bg2 Nbd7 11. O-O
Ne5 (11... O-O 12. Rd1 Ne5 13. Qf4 Bd7 14. Nb3 $1 {The key move again
according to my understanding of white's dynamic potential} Ba4 15. Ba3 Nxb3
16. axb3 Bxb3 17. Rxd6 Qa5 18. Bxb7 Rad8 19. Ra6 Qxc3 20. Bxf8 Kxf8 21. Rxa7
$18 {1-0 Zvjaginsev,V-Yemelin,V/Orel 1992/EXT 97 (30)}) 12. Qf4 Bd7 (12... Nxc4
$6 13. Nb3 $1 {A key move in the position, undermining black's important
knight on c5. The idea is to loosen the apparently solid black pawn centre
which should reveal 'hidden' dark square weaknesses. If white can get his
'unchallenged' dark squared bishop motoring around these, then he will have
more than full compensation for the far from beautious pawn which has been
removed.} Nb6 14. Nxc5 dxc5 15. Qe5 O-O 16. Qxc5 Re8 17. Ba3 {[%csl Rc8][%cal
Yg2b7,Ya3f8] A typical 'success' for the white strategy. It is enough just to
compare the respective minor pieces.} Rb8 18. Rad1 Bd7 19. Qh5 Nc4 20. Bc1 Qc8
21. Rd4 e5 22. Rh4 Bf5 23. Rxc4 Qxc4 24. Qxf5 Qxa2 25. Be4 g6 26. Qf3 Qe6 27.
Be3 b6 28. c4 $1 {[%csl Yd5] A second nice pawn sacrifice on c4 to bring in
white's last remaining forces with tempo.} Qxc4 29. Bd5 Qc7 30. Rc1 Qe7 31. Bg5
e4 32. Qf4 Qd7 33. Bc6 {1-0 Kumaran,D-Ruban,V/Hastings 1991/CBM 26 ext (33)})
13. Nb3 $1 {In my view it is the chunky knight on c5 rather than the bishop on
d7 which needs o be exchanged, hence I very strongly applaud the text.} ({
However, there are several games played by strong players with} 13. Nb5 Bxb5
14. cxb5 Rc8 $13 {[%csl Gc5,Gd6,Ge5,Ge6] my hunch though, is that this
transformation of the pawn structure, while it looks favourable for white,
leaves black's centre pawns and well posted knights just a little bit too
comfortable.} 15. Rd1 O-O 16. Be3 Qe7 17. Qd4 Rfd8 18. h3 f6 ({or} 18... a6 $5
19. f4 Ng6 20. Rab1 e5 21. fxe5 Nxe5 22. bxa6 bxa6 23. Bf2 Qc7 24. Bd5 {
1/2-1/2 Barsov,A-Medvegy,Z/Cairo EGY 2001/The Week in Chess (24)}) 19. f4 Nf7
20. Qb4 Rc7 21. a4 $14 {1-0 Shishkin,V-Gyimesi,Z/MK Cafe Cup Open A, Koszalin
POL 1999 (49)}) 13... Rc8 $5 (13... Qc7 14. Rd1 Na4 15. c5 $1 {Black was
actually threatening a 'stable' capture on c4 which would have been serious.
Now white's bishop is coming to a3, and the c7 queen which is desparately
trying to hold the whole business together will be overworked.} Nxc5 16. Ba3 {
[%cal Yd1d6,Yb3c5,Ya3c5,Yg2b7]} Rc8 17. Nxc5 dxc5 18. Bxb7 Qxb7 19. Qxe5 {
[%csl Rc5]} O-O {The best chance to attend to the dark squares. The opposite
coloured bishops will be an asset in holding the game only if white cannot
attack the king.} (19... f6 $2 20. Qh5+ g6 21. Qh6 $40) 20. Bxc5 Qb5 21. a4 Qa5
22. Rxd7 Rxc5 23. Qd4 a6 24. Qb4 h6 25. Rb1 g6 26. Ra7 Rf5 $6 27. e4 Rh5 28. h4
Qe5 29. Qd4 Rb8 30. Rxb8+ Qxb8 31. Qd7 Qf8 32. Rxa6 $18 {1-0 Wells,P-Tompa,J/
Hungarian League Final 1997/[Wells] (37)}) 14. Qd4 f6 $5 15. Qxd6 b6 16. Qd4
Na4 17. Nd2 Bc6 18. Bh3 Qe7 19. f4 Nf7 20. Qe3 {1/2-1/2 Kramnik,V-Serper,G/
Gdynia 1991/Inf 52 (20). 1/2-1/2 Rezan,S-Zelcic,R/Pula 2000/CBM 75/[Wells] (20)
}) 10. Bf4 ({The other critical test is} 10. Nxc6 $5 bxc6 ({Even} 10... dxc6 $5
{looks possible, eg.} 11. Ba3 (11. Bg2 Qa5 12. O-O O-O $13 (12... Nb3 $6 13.
axb3 Qxa1 14. Bh6 Qxf1+ 15. Kxf1 gxh6 16. Qf6 $36)) 11... Qe7 12. Bg2 Nd3+ 13.
exd3 Qxa3 14. d4 $13) 11. Ba3 {I strongly suspect that Akopian's idea involves
tactically exploiting the loose position of the bishop on a3, and by
threatening check to interrupt white's intended positional turning of the
screws with} Qe7 $1 (11... Qa5 $6 12. Bb4 Qb6 13. Bg2 a5 14. Ba3 O-O 15. O-O
Rb8 16. Rfd1 $16 {[%csl Ya3,Rd6,Yg2] was Kramnik's note, stating his opinion
of 9...Nc6 with little ambiguity. The point is well made that white's bishop
pair and superiority on the dark squares will tell if black does not manage to
disrupt - to 'make some mess' as Jonathan Speelman would say.}) {The question
is, can white take his pin seriously enough to start ambling around with his
ling in its support? The principled move is} 12. Kd1 $5 {[%csl Rc5][%cal Yf3e3,
Ya3e7]} (12. Bg2 Nd3+ 13. Qxd3 Qxa3 14. O-O O-O {[%cal Gd7d5,Gc8a6] should not
offer white anything much}) 12... O-O $1 ({this looks better than the tempting
} 12... Qd6+ $5 13. Kc2 Qe5 $1 14. Qf4 $5 {Is it odd to propose an exchange of
queens when trying to prove dynamic compensation for static weaknesses? Maybe
a bit, but the point is to push the knight to a square that has drawbacks.
Also, with c4 weak, the bishop might be better staying on f1 for the time
being.} (14. Bg2 Ba6 15. Qf4 Qxf4 16. gxf4 Nb7 $132 {[%cal Gb7a5]}) 14... Qxf4
(14... Qe4+ $5 15. Qxe4 Nxe4 16. f3 Nf6 17. e4) 15. gxf4 Ne4 (15... Na4 $2 16.
c5 {[%csl Ra4]}) 16. f3 Nf6 17. Rg1 $44 {with a very unusual position in which
white has distinct compensation for his many positional indiscretions.}) 13.
Qe3 (13. Bg2 Ba6) (13. Rb1 Ba6 14. Qe3 d6 $132) 13... d6 14. Bg2 Ba6 $1 $132)
10... O-O 11. Rd1 (11. Nxc6 dxc6 12. Qe3 Na4 13. Bg2 f6 $5 $132 {[%cal Ge6e5]})
({Having witnessed the game, there might be a case for simplicity. If white
develops unpretentiously with} 11. Bg2 $5 Qe7 (11... b6 12. Nxc6 dxc6 13. Rd1
Qf6 14. Bd6 $14) 12. O-O {black still, despite ...Nc6, has to decide how to
get his other pieces out.} e5 $6 13. Nf5 Qe6 14. Be3 Na4 15. Rfd1 $1 Nxc3 (
15... e4 16. Qg4 Qg6 17. Qxg6 hxg6 18. Nd6 Nxc3 19. Rd2 $14) (15... d6 16. Nxd6
Nxc3 17. Rd2 $14) 16. Rd6 Qxc4 17. Nxg7 $5 $40) 11... Qa5 12. Bd6 (12. Nb3 Nxb3
13. axb3 {would be positionally rather a pleasant turn of events for white.
However, black again has tactical resources since white's bishop has no
convenient square to run too after} e5 $1 {[%csl Rd2][%cal Rf4e3,Rf4d2,Rf4c1,
Gc6d4]} 14. Bd2 (14. Bc1 Nd4 $1) 14... Qa2 $1 15. b4 Qxc4 16. e4 Qe6 $15) 12...
Nxd4 13. Rxd4 b6 $1 {Nice touch. If you are attacked on one cheek, bare the
other. White has two rooks to choose from, but neither capture promises
advantage.} 14. Qxa8 {Wise under the circumstances! Black has more than enough
options after} (14. Bxf8 Bb7 15. Qe3 (15. e4 Rxf8 16. Qe3 e5 $36) 15... Rxf8 $5
(15... Bxh1 16. Bxc5 bxc5 17. Rxd7 Qxa2 18. f3 $13 {[%csl Rh1][%cal Ye1f2,
Ye3g1]}) 16. Rg1 Qxa2 $44 {[%csl Rc3,Rc4,Re1]}) 14... Qxc3+ 15. Rd2 Qa1+
1/2-1/2

[Event "Enghien les Bains 4th"]
[Site "Enghien les Bains"]
[Date "2001.04.19"]
[Round "8"]
[White "Bacrot, Etienne"]
[Black "Lautier, Joel"]
[Result "1/2-1/2"]
[WhiteElo "2627"]
[BlackElo "2658"]
[Annotator "Wells,P"]
[PlyCount "67"]
[EventDate "2001.04.11"]
[EventType "tourn"]
[EventRounds "9"]
[EventCountry "FRA"]
[EventCategory "17"]
[SourceTitle "CBM 083"]
[Source "ChessBase"]
[SourceDate "2001.07.05"]
[SourceVersion "1"]
[SourceVersionDate "2001.07.05"]
[SourceQuality "1"]

1. d4 Nf6 2. c4 e6 3. Nc3 Bb4 4. Nf3 c5 5. g3 Nc6 6. Bg2 ({If the course of
the game doesn't appeal to white, he can also consider} 6. d5 Na5 7. Nd2 b6 $5
(7... d6 8. Bg2 Bxc3 9. bxc3 O-O 10. O-O Re8 11. e4 b6 12. Re1 Ba6 13. Bf1 {
leads to a very heavy, slow manouevering struggle. I don't think black has
particular problems, but it wouldn't be to everyone's taste} Qd7 14. f3 h6 15.
Qc2 Re7 16. Rd1 Rd8 17. Bb2 Qe8 18. Re1 Bc8 19. Kf2 Bd7 20. Qd3 e5 21. Be2 Rb8
22. Reb1 a6 23. Bc1 Ba4 24. Rb2 Reb7 25. Rab1 Qc8 26. Qe3 Bd7 27. Nb3 Qc7 28.
Nxa5 bxa5 29. Qd2 {1/2-1/2 Miladinovic,I-Short,N/Istanbul 2000/EXT 2001 (29)})
8. Qc2 (8. e4 $6 Bxc3 9. bxc3 O-O 10. Be2 exd5 11. cxd5 Re8 $132 {[%cal Yf2f3,
Gf6d5,Ye4d5,Gc8a6] transposes to Sergeev,V-Anastasian,A/Groningen 1993/CBM 38
ext 0-1 (25), which looks quite promising for black, since if} 12. f3 Nxd5 $1
13. exd5 Ba6 14. c4 Nxc4 15. Ne4 f5 {black has a strong attack, able to answer}
16. Bg5 {with} fxe4 17. Bxd8 exf3 $132) 8... O-O 9. Bg2 Bxc3 10. Qxc3 exd5 11.
cxd5 Re8 12. b3 Ba6 13. Bf3 d6 14. Bb2 Re7 15. a4 Qf8 $1 {[%cal Ga8e8]} 16. Nc4
Ne4 17. Qc2 Rae8 18. e3 f5 $15 {0-1 Van Wely,L-Morozevich,A/Amsterdam 1996/CBM
55 (28)}) 6... Ne4 7. Bd2 $5 (7. Qd3 {is a reasonably common alternative, but
seems to me much more clumsy than in the analagous position without Bg2 and ...
Nc6 ( see Bacrot - Akopian from Round 7. ) The reason is that now after} cxd4
8. Nxd4 {the approach in which black retains the bishop pair is much more
promising,} Nxc3 9. bxc3 {not least because black has a useful zwischenzug} Ne5
$1 {which prevents white from using superior development to immediately
inconvenience black. The resulting battle between white's greater space and
black's neater structure holds no terrors for the defender.} 10. Qc2 Be7 11.
Qb3 O-O 12. Bf4 Qc7 13. Nf3 Bd6 $1 $146 14. Nxe5 Bxe5 15. Bxe5 Qxe5 16. Rd1 Rb8
17. Qa3 b5 $1 {Black needs to develop. Dissolving the doubled pawn does
white's structure but a small favour - he is left with weaknesses which can
prove serious if black mobilises.} 18. cxb5 Rxb5 19. O-O Ra5 20. Qb2 Rc5 21.
Rd4 Qc7 22. Rc1 Ba6 $15 {0-1 Miladinovic,I-Graf,A/2nd IECC, Ohrid MKD 2001 
(129!)}) 7... Nxd2 8. Qxd2 cxd4 9. Nxd4 Ne5 10. Nc2 Be7 11. b3 {Again the play
leads to a tussle between clearly defined advantages: White has a considerable
spatial plus, has avoided the customary pawn weaknesses with which these lines
are associated ( although the absence of doubled c-pawns also means no
half-open b-file which should ease the task of the defence ) and above all,
black may have very serious problems bringing his 'problem piece' - the bishop
on c8 - into the game. Black can boast the bishop pair and a central majority.
The problem, as we shall see, is that white's initiative is possibly strong
enough to pretty well force black to relinquish his dark-squared bishop. Even
is true, this does not yet prove that black has big troubles, but it does
result in the kind of position where a black victory barely features in the
possible results.} a6 $5 {Technically a novelty, although this and the next
few moves were all given by Yudasin in his notes to the game Alterman -
Yudasin in Informator 63. I looked at this some time ago and came to a
conclusion which I think the present game confirms. Yudasin's assessment of
'=' might be close to the mark, but black does not achieve this without a good
deal of further care. The point of the move compared with the previously
played 11...0-0 is that in case of the type of position ( which practice
suggests is likely to arise ) in which the c3 knight reaches d6 and black,
feeling unable to live with its presence exchanges off minor pieces and queens,
it is of course advantageous to have the king in the centre. Specifically after
} (11... O-O 12. Rd1 a6 13. Ne4 Rb8 14. Nd6 Qc7 15. a4 Qb6 {from Alterman,
B-Yudasin,L/Israel 1995/Inf 63 0-1 (68) Yudasin suggests that, instead of the
unconvincing 16 Qb4?! of the game, white should play} 16. Qe3 $1 {(Yudasin)}
Qxe3 (16... Qa5+ $6 17. b4 Qxa4 18. Qxe5 Qxc2 19. O-O $44 {is huge value for a
pawn.}) 17. Nxe3 Bxd6 18. Rxd6 b6 19. f4 $14 {when Yudashin still seems to
believe that black might still equalise the play by tortuously returning his
king to the centre, but I an any case, clearly better that it remains there in
such a scenario.}) 12. Ne4 Qc7 13. Rd1 Rb8 14. Nd6+ Bxd6 15. Qxd6 Qxd6 16. Rxd6
b6 $11 {as mentioned according to Yudasin, who mentions a choice of plan's for
black to evict the intrusive rook- to play ...Ke7 and ...d6, or alternatively .
..f6, ...Nf7 and ...d6. White's next move looks critical to me, and a rather
obvious way to restrict black to plan 'a'.} 17. f4 Ng4 18. O-O Ke7 19. Rfd1 f6
{[%csl Yd6][%cal Gg4h6,Gh6f7]} 20. R6d3 Re8 (20... Rd8 $5) 21. a4 Nh6 22. a5 $5
{Despite white's substantial spatial pull, black is very solid, and it is hard
to see any real alternative to this plan of opening the a-file to create a
target in the a6 pawn. Pressure on the d7 pawn alone cannot keep black's
bishop stuck to c8 indefinitely.} bxa5 23. Ra1 Nf7 24. Rxa5 d6 25. Nd4 Kf8 26.
Bc6 Re7 27. Be4 f5 28. Bg2 Rb6 29. e4 ({Until now, I have been impressed with
white's attempts to squeeze something out of his slight initiative. Here I
wonder whether it might have been the time to force the issue with} 29. c5 $5
dxc5 30. Rxc5 Bb7 (30... Bd7 $5 {might improve.}) 31. Bxb7 Rexb7 32. Re3 Nd8
33. Rc8 Ke7 34. Nxf5+ $5 Kd7 35. Ra8 exf5 36. Rd3+ Ke7 37. Rdxd8 Rxb3 38. Re8+
Kf7 39. Rf8+ {and black still has some problems to solve.}) 29... fxe4 30. Bxe4
g6 31. Bg2 (31. c5 dxc5 32. Rxc5 Bb7 33. Bxb7 Rexb7 34. Re3 Ke7 {is nothing
special.}) 31... e5 32. c5 dxc5 33. Rxc5 Bd7 $11 {...and black has achieved
the long sought after equality!} 34. fxe5 1/2-1/2

[Event "Bundesliga 9900"]
[Site "Germany"]
[Date "2000.04.08"]
[Round "14.4"]
[White "Rogozenco, Dorian"]
[Black "Hoffmann, Michael"]
[Result "1/2-1/2"]
[WhiteElo "2576"]
[BlackElo "2439"]
[Annotator "Wells,P"]
[PlyCount "112"]
[EventDate "1999.10.09"]
[EventType "team-tourn"]
[EventRounds "15"]
[EventCountry "GER"]
[SourceTitle "CBM 076"]
[Source "ChessBase"]
[SourceDate "2000.05.31"]
[SourceVersion "1"]
[SourceVersionDate "2000.05.31"]
[SourceQuality "1"]
[WhiteTeam "Magdeburg"]
[BlackTeam "Castrop Rauxel"]
[WhiteTeamCountry "GER"]
[BlackTeamCountry "GER"]

1. d4 Nf6 2. c4 e6 3. Nc3 Bb4 4. Nf3 c5 5. g3 Nc6 6. Bg2 Qa5 {An unusual line
which is probably too risky to acquire much popularity. It is well worth
white's while being prepared though, since he is all but obliged to sacrifice
at least one pawn.} (6... Ne4 $5 7. Bd2 Nxd2 8. Qxd2 cxd4 9. Nxd4 Ne5 {is an
interesting alternative here, and among the more promising ways to attain a
position against the g3 systems where some dry equality is not the maximum
that can be hoped for. Black may be rendered passive, but gets to retain the
bishop pair with no glaring weaknesses.} 10. Nc2 Be7 11. b3 (11. Ne3 a6 12. O-O
O-O 13. Rfc1 Rb8 14. Ne4 d6 15. Rd1 Qc7 16. Rac1 Rd8 17. Nc3 b6 18. f4 Ng6 19.
Rf1 {1/2-1/2 Zvjaginsev,V-Iordachescu,V/Linares 2000/CBM 75_02 (19)}) 11... O-O
12. Rd1 a6 13. Ne4 Rb8 14. Nd6 Qc7 15. a4 Qb6 16. Qb4 $6 (16. Qe3 $5) 16...
Qxb4+ 17. Nxb4 b5 $132 {0-1 Alterman,B-Yudasin,L/Israel 1995/Inf 63 (68)}) 7.
O-O $1 {This looks both sounder and more dangerous than the alternative} (7. d5
Bxc3+ 8. bxc3 exd5 9. O-O (9. cxd5 Nxd5 10. Bd2 Qa6 (10... c4 $5 $15) 11. Bh6
Nxc3 12. Qd2 Qxe2+ 13. Qxe2+ Nxe2 14. Bxg7 Rg8 15. Bb2 Ned4 16. Nxd4 Nxd4 17.
Bxd4 cxd4 18. O-O-O d6 19. Rxd4 Be6 20. Rxd6 Rg5 $15 {Izeta,F-Vaiser,A/Capelle
la Grande 1987/Inf 43 (20)}) 9... dxc4 10. Qd6 Ne4 11. Qf4 d5 12. Ne5 O-O 13.
Nxc6 bxc6 14. Bxe4 dxe4 15. Be3 (15. Qxe4 Bh3 16. Re1 Qxc3 $15) 15... Re8 $15 {
0-1 Sokolov,I-Seirawan,Y/Lugano 1987/Inf 43 (66)}) 7... Bxc3 8. bxc3 Qxc3 9.
Bf4 $1 Qxc4 (9... cxd4 10. Rc1 Qb2 (10... Qa5 11. Nxd4 e5 (11... Nxd4 12. Qxd4
O-O 13. Bd6 Re8 14. c5 Qxa2 15. Be5 $16) (11... O-O 12. Bd6 Rd8 13. Nb5 $44)
12. Bd2 $1 Qxa2 13. Nf5 O-O 14. Bg5 d5 15. Nh6+ gxh6 16. Bxf6 dxc4 17. e3 Qb3
18. Qh5 Qd3 19. e4 $40) 11. Rc2 Qb6 12. c5 Qb4 13. Qc1 $5 {It feels right to
reinforce threats on the dark squares where black is at his most vulnerable.} (
13. Qd3 b6 14. Bd6 Qa4 15. Rb1 Ba6 16. Qb3 Qxb3 17. Rxb3 Nd5 18. Ne5 Nxe5 19.
Bxe5 O-O 20. Bxd5 exd5 21. cxb6 axb6 22. Bxd4 Rfc8 23. Rxc8+ Rxc8 $15 {0-1
Valdes,L-Vera,R/CUB-ch 1995/EXP 46 (43)}) 13... O-O 14. Bd6 Re8 15. Rc4 Qa5 16.
Nxd4 Nxd4 17. Rxd4 e5 18. Rd2 e4 19. Rc2 b5 20. Rd1 Bb7 21. Qb2 Bc6 22. e3 Re6
23. Bh3 Rae8 24. Rcd2 Qd8 25. Rd4 h6 26. a4 a6 27. axb5 axb5 28. Bxe6 Rxe6 29.
Bf4 g5 30. Bd6 Ng4 31. R1d2 Qf6 32. h3 Ne5 33. Bxe5 Qxe5 34. Qa3 $14 {1-0
Valdes,L-Lipnowski,I/Capablanca mem Masters I, Havana CUB 1998 (40)}) (9...
Nxd4 10. Nxd4 (10. Rc1 Nxf3+ 11. Bxf3 Qd4 12. Qxd4 cxd4 13. Bd6 $44) 10... cxd4
(10... Qxd4 11. Qb3 $1 (11. Qxd4 cxd4 12. Bd6 $44) (11. Qc2 d5 12. cxd5 Nxd5
$13) 11... d5 12. Rac1 $16 {[%csl Rd4]} dxc4 $140 13. Rxc4 Qd8 14. Rxc5 O-O 15.
Rd1 Qb6 16. Rb5 Qa6 17. Rd6 $18) 11. Rc1 Qb2 12. Rc2 $44) 10. Rc1 Qxa2 11. dxc5
O-O 12. Bd6 $32 {[%csl Rc8,Yd6,Yg2]} Rd8 13. Nd4 Ne8 14. Bf4 d5 $5 $146 ({
Better than} 14... Qa5 15. Qd3 e5 16. Bd2 Qa4 17. Nxc6 bxc6 18. Ra1 Qg4 19. Ba5
Qg5 20. Bxd8 Qxd8 21. Bxc6 $18 {1-0 Rashkovsky,N-Novikov,I/Kujbyshev 1986/MCL 
(28)}) 15. cxd6 Nxd4 16. Qxd4 Qxe2 17. Rfd1 $32 {[%csl Yd6,Yf4,Yg2][%cal Yg2b7]
Yes it is two pawns, but white has a very strong passed pawn which exerts a
tremendous cramping effect, and each of his pieces are really superbly placed.
Black sensibly tries to start developing, but this involves the return of
material, and white should have excellent chances to retain the advantage.} (
17. Rfe1 $5) 17... Bd7 18. Bxb7 Rab8 19. Qxa7 e5 20. Bg5 (20. Be3 $5) 20... Nf6
21. Bg2 Qh5 22. h4 h6 23. Bxf6 gxf6 24. Rb1 Be6 25. Qe7 (25. Qxb8 Qxd1+ 26.
Rxd1 Rxb8) 25... Kg7 26. Bc6 Qe2 {The queen has been the cause of a serious
loss of time, but finally she will be the source of black's only
counterchances.} 27. d7 (27. Re1 Rxb1 28. Rxb1 Qd3 29. Qxd8 Qxb1+ 30. Kh2 e4
$132) 27... e4 $1 $132 28. Qd6 (28. Bb5 Qf3 29. Bc6) 28... e3 29. Rxb8 (29.
fxe3 Qxe3+ $11) 29... exf2+ 30. Kh1 f1=Q+ (30... Rxb8 31. Bg2 Rd8 32. Qd2 Bg4
$1 $17 {A shocking turn of events.}) 31. Rxf1 Qxf1+ 32. Kh2 Qe2+ 33. Kg1 Qe1+
34. Kg2 Rxb8 35. Qxb8 Bxd7 36. Bxd7 Qd2+ 37. Kf3 Qxd7 $11 {This ending is
notoriously difficult even with straight pawns, and while black's king is well
shielded, it is not hard to see that dreams of making progress are just that.}
38. Qb4 Qf5+ 39. Kg2 Qd5+ 40. Kf2 Qe5 41. Qg4+ Kh7 42. Qd7 Qe6 43. Qd3+ Kg7 44.
Qd8 Qe4 45. Qb8 Qf5+ 46. Kg2 Qe5 47. Qa8 Qe2+ 48. Kg1 f5 49. Qb8 Qf3 50. Kh2
Qf2+ 51. Kh3 Qf1+ 52. Kh2 Qe2+ 53. Kh3 Qe6 54. Kg2 Kg6 55. Qg8+ Kf6 56. Qh8+
Kg6 1/2-1/2